00533nam a2200157Ia 4500008004100000020001500041041001200056100001600068245004000084260003400124300000800158650001600166942000700182999001700189952016900206221030s9999 xx 000 0 und d a8175152575 aEnglish aE. Horowitz 0aComputer Algorithmscby E. Horowitz bGalgotia PubaNew Delhic1998 a769 aBB Computer cBK c18881d18881 pBB 1016g279.00l0eDonationr2025-05-17 00:00:00w2022-10-30yBK003Print4070aMIETLIBbMIETLIBcBL-Academic Block B, FL-2, CUP-73, SH-2, R-2d2022-02-0110HBB